[Event "World Senior Teams +50"]
[Site "Radebeul GER"]
[Date "2016.06.26"]
[Round "1.1"]
[Board "1"]
[White "Hjartarson, Johann"]
[Black "Waschk, Armin"]
[Result "1-0"]
[WhiteTitle "GM"]
[WhiteElo "2547"]
[BlackElo "2183"]
[WhiteTeam "Iceland"]
[BlackTeam "Dettmann"]
[WhiteFideId "2300044"]
[BlackFideId "4630866"]
[EventDate "2016.06.26"]

1. d4 Nf6 2. c4 e6 3. Nf3 d5 4. Nc3 dxc4 5. e4 Bb4 6. Bxc4 Nxe4 7. O-O Nxc3 8.
bxc3 Be7 9. Ne5 O-O 10. Qg4 f5 11. Qf3 Bd6 12. Re1 Bxe5 13. Rxe5 Qf6 14. Ba3 Nc6
15. Re3 Na5 16. Bd3 Rd8 17. Rae1 Rb8 18. Qf4 Qf7 19. g4 Nc6 20. gxf5 Kh8 21. Qh4
e5 22. Rxe5 Bd7 23. f6 gxf6 24. Re7 Nxe7 25. Rxe7 Rg8+ 26. Kf1 Rg7 27. Rxf7 Rxf7
28. Bc4 Rg7 29. Qxf6 Re8 30. f3 b5 31. Bf8 1-0

[Event "World Senior Teams +50"]
[Site "Radebeul GER"]
[Date "2016.06.26"]
[Round "1.1"]
[Board "2"]
[White "Dettmann, Gerd"]
[Black "Olafsson, Helgi"]
[Result "0-1"]
[BlackTitle "GM"]
[WhiteElo "2187"]
[BlackElo "2543"]
[WhiteTeam "Dettmann"]
[BlackTeam "Iceland"]
[WhiteFideId "4630815"]
[BlackFideId "2300010"]
[EventDate "2016.06.26"]

1. e4 c5 2. Nf3 e6 3. d4 cxd4 4. Nxd4 a6 5. c4 Nf6 6. Nc3 Qc7 7. Bd3 Nc6 8. Nxc6
dxc6 9. O-O e5 10. a3 Bc5 11. Bg5 Nd7 12. b4 Bd4 13. Rc1 h6 14. Bd2 O-O 15. Ne2
Ba7 16. c5 Nf6 17. Qc2 Be6 18. Ng3 Rad8 19. Rfd1 Bb8 20. Nf1 Nh5 21. Bc4 Qe7 22.
Be3 Nf4 23. Ng3 g6 24. Qb3 Bxc4 25. Qxc4 h5 26. Ne2 Qe6 27. Qxe6 Nxe2+ 28. Kf1
Nxc1 29. Qd7 Rxd7 30. Rxd7 Nb3 31. Rxb7 a5 32. b5 cxb5 33. c6 Rc8 34. Bb6 Bd6
35. c7 Nd2+ 36. Ke2 Nc4 0-1

[Event "World Senior Teams +50"]
[Site "Radebeul GER"]
[Date "2016.06.26"]
[Round "1.2"]
[Board "1"]
[White "Baarslag, Ed"]
[Black "Nunn, John D M"]
[Result "0-1"]
[BlackTitle "GM"]
[WhiteElo "2098"]
[BlackElo "2597"]
[WhiteTeam "Oranje 2"]
[BlackTeam "England 1"]
[WhiteFideId "1014285"]
[BlackFideId "400017"]
[EventDate "2016.06.26"]

1. d4 Nf6 2. c4 g6 3. Nc3 Bg7 4. e4 d6 5. Nf3 O-O 6. Be2 e5 7. d5 a5 8. Bg5 h6
9. Be3 Ng4 10. Bd2 f5 11. exf5 gxf5 12. h3 Nf6 13. Qc1 f4 14. g3 Nh5 15. Rg1
fxg3 16. fxg3 Qf6 17. Be3 Bxh3 18. Qd2 Bg4 19. Nh4 Nxg3 20. Rxg3 Qxh4 21. Bf2 h5
22. Qe3 Rxf2 23. Qxf2 Nd7 24. O-O-O Rf8 25. Qg2 Rf4 26. Rg1 Nf6 27. Kb1 Qg5 28.
Ka1 Qf5 29. Rf1 e4 30. Rxf4 Qxf4 31. Qg1 Bh6 32. Bxg4 hxg4 33. Ne2 Qe5 34. Qa7
Qf5 35. Qb8+ Bf8 36. Rc3 Qf2 0-1

[Event "World Senior Teams +50"]
[Site "Radebeul GER"]
[Date "2016.06.26"]
[Round "1.2"]
[Board "2"]
[White "Speelman, Jon S"]
[Black "Van Geffen, Ben"]
[Result "1-0"]
[WhiteTitle "GM"]
[WhiteElo "2523"]
[BlackElo "2114"]
[WhiteTeam "England 1"]
[BlackTeam "Oranje 2"]
[WhiteFideId "400033"]
[BlackFideId "1009370"]
[EventDate "2016.06.26"]

1. d4 Nf6 2. Nf3 b6 3. Bg5 e6 4. Nbd2 Bb7 5. e3 Be7 6. Bd3 O-O 7. e4 d5 8. e5
Ne4 9. h4 Nd7 10. Qe2 f5 11. exf6 Ndxf6 12. Bxf6 Bxf6 13. Nxe4 dxe4 14. Bxe4
Bxe4 15. Qxe4 Qd5 16. Qxd5 exd5 17. O-O-O Rae8 18. Rde1 c5 19. dxc5 bxc5 20. c3
Kf7 21. Rxe8 Rxe8 22. Rd1 Rd8 23. Re1 Re8 24. Rxe8 Kxe8 25. Kd2 h5 26. g3 Kd7
27. Ne1 Be5 28. Nd3 Bd6 29. Ke3 Ke6 30. Nf4+ Bxf4+ 31. Kxf4 Kf6 32. b4 d4 33.
bxc5 dxc3 34. Ke3 c2 35. Kd2 Ke5 36. Kxc2 Kd5 37. Kd3 Kxc5 38. f3 Kd5 39. g4 Ke5
40. Ke3 g6 41. gxh5 gxh5 42. f4+ Kd5 43. Kd3 a5 44. a4 Ke6 45. Ke4 Kf6 46. f5
Kf7 47. Ke5 Ke7 48. f6+ Kf7 49. Kf5 1-0

[Event "World Senior Teams +50"]
[Site "Radebeul GER"]
[Date "2016.06.26"]
[Round "1.2"]
[Board "3"]
[White "Visser, Gerrit"]
[Black "Hebden, Mark L"]
[Result "0-1"]
[BlackTitle "GM"]
[WhiteElo "2047"]
[BlackElo "2510"]
[WhiteTeam "Oranje 2"]
[BlackTeam "England 1"]
[WhiteFideId "207330"]
[BlackFideId "400084"]
[EventDate "2016.06.26"]

1. e4 e5 2. Nf3 Nc6 3. Bb5 a6 4. Ba4 Nf6 5. O-O Be7 6. Re1 b5 7. Bb3 O-O 8. c3
d6 9. h3 Na5 10. Bc2 c5 11. d4 Qc7 12. Nbd2 Be6 13. d5 Bd7 14. b3 g6 15. Nf1 Nh5
16. Bh6 Ng7 17. Qd2 Rfc8 18. g4 c4 19. b4 Nb7 20. Ng3 a5 21. a3 Nd8 22. Kh2 f6
23. Be3 Ra6 24. Rg1 Rca8 25. Rab1 axb4 26. axb4 Nf7 27. Ne1 Qc8 28. f3 Ra2 29.
Ng2 R8a3 30. Rgc1 Kh8 31. Qe1 Ng5 32. Bxg5 fxg5 33. Ra1 Qa6 34. Rxa2 Rxa2 35.
Bb1 Ra3 36. Qd2 Qb6 37. Rc2 Ra1 38. Rb2 Ne8 39. Qc2 Ra8 40. Ra2 Rb8 41. Qe2 Bd8
42. Qe3 Nf6 43. Nf1 Qc7 44. Ra7 Qc8 45. Ra2 h6 46. Ne1 Bb6 47. Qd2 Qf8 48. Kg2
Ne8 49. Bc2 Nc7 50. Bd1 Qf6 51. Be2 Rf8 52. Bd1 h5 53. Ng3 Bc8 54. Kh1 Qf4 55.
Qxf4 gxf4 56. Nf1 hxg4 57. fxg4 Kg7 58. Kg2 Bb7 59. Bf3 g5 60. Kh2 Ne8 61. Kg2
Nf6 62. Ra1 Re8 63. Ra2 Kf8 64. Nd2 Ke7 65. Bd1 Kd8 66. Nef3 Rg8 67. Bc2 Kc7 68.
Ra1 Bc8 69. Kf1 Be3 70. Ke2 Rh8 71. Nxg5 Bxg4+ 72. Ndf3 Bh5 73. Ra6 Bb6 74. Ra1
Kb7 75. h4 Ng4 76. Rh1 Rg8 77. Bb1 Be3 78. Ne6 Rh8 79. Ke1 Nf2 0-1

[Event "World Senior Teams +50"]
[Site "Radebeul GER"]
[Date "2016.06.26"]
[Round "1.2"]
[Board "4"]
[White "Arkell, Keith C"]
[Black "Arp, Frans"]
[Result "1-0"]
[WhiteTitle "GM"]
[WhiteElo "2453"]
[BlackElo "2047"]
[WhiteTeam "England 1"]
[BlackTeam "Oranje 2"]
[WhiteFideId "400270"]
[BlackFideId "1005987"]
[EventDate "2016.06.26"]

1. d4 Nf6 2. Nf3 g6 3. c4 Bg7 4. g3 O-O 5. Bg2 c6 6. O-O d5 7. Nbd2 Nbd7 8. b3
Re8 9. Bb2 Nh5 10. Rc1 e5 11. dxe5 Nxe5 12. Nxe5 Bxe5 13. Bxe5 Rxe5 14. cxd5
cxd5 15. Nc4 Re8 16. Ne3 Be6 17. Nxd5 Bxd5 18. Bxd5 Qe7 19. Bf3 Ng7 20. Qd5 Rad8
21. Qc5 b6 22. Qxe7 Rxe7 23. Rfd1 Rxd1+ 24. Rxd1 Ne6 25. e3 Rc7 26. Bd5 Kf8 27.
Bc4 Ke7 28. h4 Nd8 29. e4 Nb7 30. Rd2 Nd6 31. Bd3 f6 32. Kf1 b5 33. Ke2 a5 34.
Rc2 Ne8 35. Ke3 Kd6 36. Rd2 Rc3 37. Kd4 b4 38. Rc2 Rxc2 39. Bxc2 Nc7 40. Kc4 Ne6
41. f4 Nc7 42. Bd3 h6 43. Be2 g5 44. Bg4 gxh4 45. gxh4 Kc6 46. e5 fxe5 47. fxe5
Kb6 48. Bd7 Na6 49. e6 1-0

[Event "World Senior Teams +50"]
[Site "Radebeul GER"]
[Date "2016.06.26"]
[Round "1.3"]
[Board "2"]
[White "Graf, Alexander"]
[Black "Vilerte, Tamara"]
[Result "1-0"]
[WhiteTitle "GM"]
[BlackTitle "WGM"]
[WhiteElo "2561"]
[BlackElo "2030"]
[WhiteTeam "Emanuel-Lasker-Gesellschaft"]
[BlackTeam "Latvia Women"]
[WhiteFideId "4680804"]
[BlackFideId "11602589"]
[EventDate "2016.06.26"]

1. d4 Nf6 2. c4 c5 3. d5 e6 4. Nc3 exd5 5. cxd5 d6 6. e4 g6 7. Nf3 Bg7 8. h3 O-O
9. Bd3 a6 10. a4 Re8 11. O-O Qc7 12. Re1 Nbd7 13. Bf4 Nh5 14. Be3 Ne5 15. Be2
Nxf3+ 16. Bxf3 Nf6 17. Qd2 Nd7 18. Bh6 Ne5 19. Be2 f6 20. Bxg7 Kxg7 21. a5 Bd7
22. Rec1 b5 23. axb6 Qxb6 24. f4 Nf7 25. Bc4 a5 26. b3 Qb4 27. Qd3 Rab8 28. Kh2
Re7 29. Rf1 Qb6 30. Ra2 Be8 31. Rfa1 Ra7 32. Nd1 Qb4 33. Ne3 Rbb7 34. Nc2 Qb6
35. Qc3 Re7 36. Bd3 Reb7 37. Ra3 Rb8 38. R1a2 Rba8 39. Qa1 Bd7 40. Qc3 Be8 41.
Ra1 Qc7 42. Ne3 Bd7 43. Be2 a4 44. Re1 axb3 45. Rxb3 Rb8 46. Rxb8 Qxb8 47. Bg4
Qd8 48. Be6 Qe7 49. Bxf7 Kxf7 50. Nc4 Bb5 51. e5 dxe5 52. fxe5 Bxc4 53. Qxc4 Kg7
54. d6 Qd7 55. exf6+ Kxf6 56. Qh4+ 1-0

[Event "World Senior Teams +50"]
[Site "Radebeul GER"]
[Date "2016.06.26"]
[Round "1.3"]
[Board "3"]
[White "Ungure, Liga"]
[Black "Meister, Jakob"]
[Result "0-1"]
[WhiteTitle "WFM"]
[BlackTitle "GM"]
[WhiteElo "1950"]
[BlackElo "2456"]
[WhiteTeam "Latvia Women"]
[BlackTeam "Emanuel-Lasker-Gesellschaft"]
[WhiteFideId "11600330"]
[BlackFideId "4102541"]
[EventDate "2016.06.26"]

1. e4 c5 2. Nf3 a6 3. g3 Nc6 4. Bg2 Nf6 5. d3 d5 6. Nbd2 e5 7. O-O Be7 8. Re1 d4
9. Nc4 Nd7 10. a4 b6 11. Rf1 Rb8 12. Bd2 Qc7 13. Ne1 h5 14. h3 h4 15. Nf3 hxg3
16. fxg3 b5 17. axb5 axb5 18. Na5 Nd8 19. Nb3 Ne6 20. Qe2 c4 21. Nc1 c3 22. bxc3
dxc3 23. Be3 Bc5 24. Nb3 Bb6 25. Qf2 f6 26. h4 Ndc5 27. Rfb1 Na4 28. Bh3 Bxe3
29. Qxe3 O-O 30. Kg2 Bd7 31. Bf5 Rfd8 32. h5 Nac5 33. Nxc5 Nxc5 34. Nh4 Bxf5 35.
Nxf5 b4 36. d4 exd4 37. Nxd4 Re8 38. Nb3 Nxe4 39. Ra7 Qc6 40. Qf3 Qb6 41. Rba1
Ng5 42. Qd5+ Qe6 43. Qxe6+ Nxe6 44. R1a4 Kh7 45. Rd7 Rb5 46. Rd6 Rb7 47. Rc6 Ng5
48. Nd4 Re4 49. Rd6 Kh6 50. Kf2 Kxh5 51. Ne2 b3 52. Ra1 bxc2 53. Rc1 Rc4 54. Rd4
Rxd4 55. Nxd4 Kg4 0-1

[Event "World Senior Teams +50"]
[Site "Radebeul GER"]
[Date "2016.06.26"]
[Round "1.3"]
[Board "4"]
[White "Koehler, Gerhard2"]
[Black "Priedite, Ingrida"]
[Result "1-0"]
[BlackTitle "WFM"]
[WhiteElo "2201"]
[BlackElo "2067"]
[WhiteTeam "Emanuel-Lasker-Gesellschaft"]
[BlackTeam "Latvia Women"]
[WhiteFideId "12909700"]
[BlackFideId "11600217"]
[EventDate "2016.06.26"]

1. c4 e5 2. Nc3 d6 3. g3 Nc6 4. Bg2 Be6 5. d3 Qd7 6. Nd5 Nd8 7. e4 c6 8. Nc3 Nf6
9. Nf3 Be7 10. O-O h6 11. c5 Bg4 12. cxd6 Qxd6 13. Be3 Ne6 14. h3 Bxf3 15. Bxf3
O-O 16. Qb3 Qb4 17. Qc2 Rfd8 18. Rfd1 Nd4 19. Bxd4 Qxd4 20. Ne2 Qb6 21. Rac1 Nd7
22. Kg2 Bc5 23. Rf1 Bd4 24. Nxd4 Qxd4 25. Be2 Nf8 26. Rfd1 Rd6 27. Qc3 Rad8 28.
Qxd4 Rxd4 29. a3 R8d6 30. Rc3 g6 31. Kf3 Ne6 32. Ke3 h5 33. h4 c5 34. f4 f6 35.
Rf1 b6 36. Bd1 Kg7 37. f5 Nf8 38. fxg6 c4 39. Be2 cxd3 40. Rxd3 Nxg6 41. Rfd1
Kh6 42. Rxd4 exd4+ 43. Rxd4 Rc6 44. Rc4 Rd6 45. Rc7 a5 46. Rc8 Re6 47. b4 axb4
48. axb4 f5 49. Bf3 Ne7 50. Rh8+ Kg6 51. Kf4 fxe4 52. Bxe4+ Kg7 53. Rxh5 Ng6+
54. Bxg6 Kxg6 55. Rg5+ Kh6 56. Re5 Rf6+ 57. Ke4 Rg6 58. Rg5 Re6+ 59. Kd5 Rf6 60.
Kc4 Re6 61. Kb5 Re4 62. Rf5 Kg6 63. Rf4 Re6 64. g4 Rd6 65. Rc4 Kf7 66. Rc7+ Kg8
67. Rc6 Rd4 68. Rg6+ Kf7 69. h5 Re4 70. g5 Rd4 71. Rf6+ Kg7 72. h6+ Kh7 73. Rxb6
Rd5+ 74. Ka6 Rxg5 75. b5 Rg1 76. Rc6 Rh1 77. Ka7 Kg8 78. b6 Ra1+ 79. Kb8 Rb1 80.
Kc7 Rf1 81. b7 1-0

[Event "World Senior Teams +50"]
[Site "Radebeul GER"]
[Date "2016.06.26"]
[Round "1.4"]
[Board "1"]
[White "Vaganian, Rafael A"]
[Black "Nake, Matthias"]
[Result "1-0"]
[WhiteTitle "GM"]
[WhiteElo "2577"]
[BlackElo "2217"]
[WhiteTeam "Armenia"]
[BlackTeam "SG Gruen-Weiss Dresden"]
[WhiteFideId "13300016"]
[BlackFideId "24653861"]
[EventDate "2016.06.26"]

1. d4 Nf6 2. Bg5 b6 3. f3 d5 4. c4 e6 5. e4 dxe4 6. Nc3 Be7 7. Qa4+ Qd7 8. Qxd7+
Nbxd7 9. fxe4 Bb7 10. Bd3 O-O-O 11. Nf3 h6 12. Bh4 g5 13. Bf2 Bb4 14. d5 exd5
15. exd5 Rhe8+ 16. Kf1 Bxc3 17. bxc3 Ne4 18. Be1 Ndc5 19. Be2 c6 20. dxc6 Bxc6
21. Nd4 Rd6 22. h4 Rf6+ 23. Kg1 Bd7 24. hxg5 Nxg5 25. Rd1 Ba4 26. Rc1 Nce6 27.
Bg4 Kb7 28. Bd2 Bd7 29. Re1 Nc5 30. Rxe8 Bxe8 31. Bxg5 hxg5 32. Bf3+ Kc7 33. Rh5
Na4 34. Ne2 Bc6 35. Bxc6 Kxc6 36. Rxg5 Nb2 37. Nd4+ Kd6 38. Nb5+ Kc6 39. Nd4+
Kc7 40. c5 Nd3 41. c6 Nf4 42. Rg7 Nd5 43. g4 Kd6 44. Kh2 Nc7 45. g5 Rf1 46. g6
Ke7 47. Rh7 Kf8 48. Rh8+ Kg7 49. Rc8 Nd5 50. Rd8 Ne7 51. c7 1-0

[Event "World Senior Teams +50"]
[Site "Radebeul GER"]
[Date "2016.06.26"]
[Round "1.4"]
[Board "2"]
[White "Hutschenreiter, Joerg"]
[Black "Anastasian, Ashot"]
[Result "0-1"]
[BlackTitle "GM"]
[WhiteElo "2002"]
[BlackElo "2532"]
[WhiteTeam "SG Gruen-Weiss Dresden"]
[BlackTeam "Armenia"]
[WhiteFideId "24669172"]
[BlackFideId "13300059"]
[EventDate "2016.06.26"]

1. d4 Nf6 2. c4 e6 3. Nc3 Bb4 4. e3 Bxc3+ 5. bxc3 c5 6. Bd3 Nc6 7. Nf3 d6 8. O-O
e5 9. d5 Ne7 10. Nd2 Bf5 11. Bxf5 Nxf5 12. Qc2 Qd7 13. a4 O-O 14. e4 Ne7 15. Nb3
h6 16. g3 Rae8 17. f3 Qc7 18. Be3 Nd7 19. Nc1 f5 20. Ne2 fxe4 21. Qxe4 Nf6 22.
Qc2 Qd7 23. Kg2 Nf5 24. Bf2 e4 25. fxe4 Rxe4 26. Nf4 Rfe8 27. Ne6 R8xe6 28. dxe6
Qxe6 29. Rfe1 Rxe1 30. Rxe1 Qxe1 0-1

[Event "World Senior Teams +50"]
[Site "Radebeul GER"]
[Date "2016.06.26"]
[Round "1.4"]
[Board "3"]
[White "Movsziszian, Karen"]
[Black "Salewski, Bernd"]
[Result "1/2-1/2"]
[WhiteTitle "GM"]
[WhiteElo "2488"]
[BlackElo "2004"]
[WhiteTeam "Armenia"]
[BlackTeam "SG Gruen-Weiss Dresden"]
[WhiteFideId "13301152"]
[BlackFideId "4655087"]
[EventDate "2016.06.26"]

1. g3 d5 2. Bg2 c6 3. d3 Bg4 4. h3 Bh5 5. f4 e6 6. Nf3 Bxf3 7. Bxf3 Qb6 8. e3
Bc5 9. Qe2 Nd7 10. O-O Ne7 11. Kh2 Nf5 12. d4 Bd6 13. c4 Qa6 14. c5 Qxe2+ 15.
Bxe2 Bc7 16. Nc3 h5 17. Bd3 g6 18. b4 a6 19. Kg2 Ke7 20. Bd2 Nf6 21. Kf3 Rag8
22. h4 Ng4 23. Rfe1 f6 24. a4 g5 25. Bxf5 exf5 26. Rh1 Kd7 27. Rab1 gxf4 28.
exf4 b5 29. Ra1 Ra8 30. Rhb1 Rhe8 31. Ra3 Nh2+ 32. Kg2 Ng4 33. Rba1 Rac8 34.
axb5 axb5 35. R1a2 Re7 36. Ra8 Rxa8 37. Rxa8 Re8 38. Ra3 Re7 39. Kf3 Nh2+ 40.
Kg2 Ng4 41. Kf3 1/2-1/2

[Event "World Senior Teams +50"]
[Site "Radebeul GER"]
[Date "2016.06.26"]
[Round "1.4"]
[Board "4"]
[White "Smid, Arend"]
[Black "Kalantaryan, Norayr"]
[Result "0-1"]
[BlackTitle "IM"]
[WhiteElo "1966"]
[BlackElo "2378"]
[WhiteTeam "SG Gruen-Weiss Dresden"]
[BlackTeam "Armenia"]
[WhiteFideId "4676556"]
[BlackFideId "13300300"]
[EventDate "2016.06.26"]

1. e4 Nc6 2. Nc3 Nf6 3. Nf3 d5 4. exd5 Nxd5 5. Bc4 Nxc3 6. bxc3 e6 7. O-O Be7 8.
d4 O-O 9. Bf4 b6 10. Re1 Bb7 11. Qe2 Na5 12. Bd3 c5 13. dxc5 Bxf3 14. Qxf3 Bxc5
15. Qe4 g6 16. Rad1 Qf6 17. Re2 Rad8 18. Be5 Qe7 19. h4 Rd5 20. c4 Rxe5 21. Qxe5
Qxh4 22. Qe4 Qxe4 23. Rxe4 Nb7 24. g3 Rc8 25. Kg2 h5 26. Rh4 Kg7 27. Be2 Nd6 28.
g4 hxg4 29. Rxg4 Kf6 30. Rh1 Rd8 31. Bd3 Nf5 32. Re4 Ke7 33. Ree1 Nd6 34. Rh7
Rc8 35. Kf3 Kf6 36. Reh1 Ba3 37. R1h4 Rc5 38. Rf4+ Nf5 39. Rh8 Ra5 40. Rc8 Bd6
41. Rg4 Rxa2 42. Bxf5 exf5 43. Rd4 Bc5 44. Rd2 Ra4 45. Rc7 a5 46. Rdd7 Rxc4 47.
Rxf7+ Kg5 0-1

[Event "World Senior Teams +50"]
[Site "Radebeul GER"]
[Date "2016.06.26"]
[Round "1.5"]
[Board "1"]
[White "Boensch, Uwe"]
[Black "Mittermayr, Gerhard"]
[Result "1-0"]
[WhiteTitle "GM"]
[WhiteElo "2545"]
[BlackElo "2101"]
[WhiteTeam "Germany 1"]
[BlackTeam "Oberoesterreich"]
[WhiteFideId "4611268"]
[BlackFideId "1602233"]
[EventDate "2016.06.26"]

1. d4 Nf6 2. c4 g6 3. Nc3 Bg7 4. e4 d6 5. Be2 O-O 6. Bg5 Nbd7 7. Qc2 c6 8. Rd1
e5 9. Nf3 Qc7 10. O-O Re8 11. Rfe1 exd4 12. Nxd4 Nc5 13. Bf3 Ng4 14. Ndb5 cxb5
15. Nxb5 Qa5 16. Nxd6 Be6 17. Nxe8 Rxe8 18. a3 Nd3 19. Qxd3 Qxg5 20. Bxg4 Bxg4
21. Qg3 Be5 22. Rd5 h6 23. Rxe5 Qxe5 24. Qxg4 Qxb2 25. Qg3 Qd4 26. Qe3 Qxc4 27.
f3 b6 28. Qxh6 Rd8 29. h4 Rd3 30. e5 Rd4 31. Rc1 Rxh4 32. Rxc4 Rxh6 33. Rc8+ Kg7
34. Rc7 g5 35. Rxa7 Re6 36. Rb7 Rxe5 37. Rxb6 Ra5 38. Rb3 f5 39. Kf2 Kf6 40. Ke3
f4+ 41. Kd4 Ra8 42. Kc3 Rc8+ 43. Kb2 Re8 44. Ka2 Re2+ 45. Rb2 Re3 46. a4 Kg6 47.
Kb1 Re5 48. Ra2 Re1+ 49. Kb2 g4 50. a5 gxf3 51. gxf3 Kg5 52. a6 Re8 53. a7 Ra8
54. Ra4 Kf5 55. Kc3 Ke5 56. Kc4 1-0

[Event "World Senior Teams +50"]
[Site "Radebeul GER"]
[Date "2016.06.26"]
[Round "1.5"]
[Board "2"]
[White "Schulz, Peter"]
[Black "Bischoff, Klaus"]
[Result "0-1"]
[BlackTitle "GM"]
[WhiteElo "2068"]
[BlackElo "2500"]
[WhiteTeam "Oberoesterreich"]
[BlackTeam "Germany 1"]
[WhiteFideId "1614819"]
[BlackFideId "4600045"]
[EventDate "2016.06.26"]

1. e4 c5 2. Nf3 e6 3. d4 cxd4 4. Nxd4 a6 5. Nc3 Qc7 6. Be3 Nf6 7. a3 Be7 8. f3
Nc6 9. Qd2 Ne5 10. g4 b5 11. Qf2 Bb7 12. g5 Nh5 13. Be2 Nc4 14. Bxc4 Qxc4 15.
Nde2 b4 16. axb4 Bxb4 17. Rd1 a5 18. Qh4 g6 19. Bd4 Rg8 20. Ng3 a4 21. Nxh5 gxh5
22. Rd3 a3 23. b3 Qxd4 0-1

[Event "World Senior Teams +50"]
[Site "Radebeul GER"]
[Date "2016.06.26"]
[Round "1.5"]
[Board "3"]
[White "Volke, Karsten"]
[Black "Doppelhammer, Herbert"]
[Result "1-0"]
[WhiteTitle "IM"]
[WhiteElo "2478"]
[BlackElo "2040"]
[WhiteTeam "Germany 1"]
[BlackTeam "Oberoesterreich"]
[WhiteFideId "4611411"]
[BlackFideId "1608738"]
[EventDate "2016.06.26"]

1. d4 d5 2. c4 e6 3. Nf3 c5 4. cxd5 exd5 5. Nc3 Nc6 6. g3 Nf6 7. Bg2 Be7 8. O-O
O-O 9. Bg5 c4 10. Ne5 Be6 11. b3 h6 12. Nxc6 bxc6 13. Bxf6 Bxf6 14. bxc4 dxc4
15. e3 Qa5 16. Rc1 Rac8 17. Qa4 Qc7 18. Ne4 Be7 19. Nd2 Rfd8 20. Nxc4 c5 21. Ne5
c4 22. Nc6 Rd6 23. Nxe7+ Qxe7 24. Rc3 Rb6 25. d5 Rb4 26. Qa6 Rb6 27. Qa4 Rb4 28.
Qa3 Bd7 29. Qxa7 Ra4 30. Qd4 Bb5 31. Rb1 Qd7 32. a3 Rca8 33. Qc5 R8a5 34. d6 Qf5
35. Qxf5 1-0

[Event "World Senior Teams +50"]
[Site "Radebeul GER"]
[Date "2016.06.26"]
[Round "1.5"]
[Board "4"]
[White "Obran, Harald"]
[Black "Tischbierek, Raj"]
[Result "0-1"]
[BlackTitle "GM"]
[WhiteElo "2015"]
[BlackElo "2439"]
[WhiteTeam "Oberoesterreich"]
[BlackTeam "Germany 1"]
[WhiteFideId "1605836"]
[BlackFideId "4611322"]
[EventDate "2016.06.26"]

1. Nf3 Nf6 2. d4 d5 3. c4 e6 4. Nc3 Bb4 5. Bg5 Nbd7 6. cxd5 exd5 7. a3 Bxc3+ 8.
bxc3 c5 9. Qb3 O-O 10. e3 Qa5 11. dxc5 Ne4 12. Qb4 Qxc5 13. Be7 Qxb4 14. cxb4
Re8 15. Bh4 a5 16. Rc1 axb4 17. axb4 Ra4 18. b5 Ndc5 19. Be2 Nb3 20. Bd1 Nxc1
21. Bxa4 Nd3+ 22. Kf1 Bd7 23. Nd4 Ra8 24. Ke2 Ndxf2 25. Bxf2 Rxa4 26. Kf3 Bg4+
27. Kf4 g5+ 28. Ke5 Nxf2 29. Rf1 Nd1 30. Re1 Nc3 0-1

[Event "World Senior Teams +50"]
[Site "Radebeul GER"]
[Date "2016.06.26"]
[Round "1.6"]
[Board "4"]
[White "Ross, Paul"]
[Black "Winnig, Bernd"]
[Result "1-0"]
[WhiteTitle "FM"]
[WhiteElo "2282"]
[BlackElo "1999"]
[WhiteTeam "Canada"]
[BlackTeam "SV Aufbau Bernburg"]
[WhiteFideId "2600420"]
[BlackFideId "4673190"]
[EventDate "2016.06.26"]

1. d4 e6 2. c4 d5 3. Nf3 Nf6 4. g3 dxc4 5. Qa4+ Bd7 6. Qxc4 Bc6 7. Bg2 Nbd7 8.
O-O Nb6 9. Qd3 Be4 10. Qd1 c5 11. Nbd2 Bd5 12. Nb3 c4 13. Nbd2 Bb4 14. a3 Ba5
15. Nb1 O-O 16. Nc3 Bc6 17. Ne5 Bxg2 18. Kxg2 Nfd5 19. Qc2 f6 20. Nf3 Qd7 21.
Bd2 Nxc3 22. bxc3 Qc6 23. Kg1 Nd7 24. e4 Bc7 25. a4 Rfe8 26. Rfd1 Rac8 27. Be3
b6 28. Rab1 Qa8 29. Nd2 Bd6 30. f3 Rc7 31. Re1 g6 32. Qa2 Qc8 33. Kg2 Kg7 34.
Rb5 Rf8 35. Nf1 Rf7 36. Qd2 Bf8 37. Bf4 Rc6 38. h4 Bd6 39. Bh6+ Kg8 40. Ne3 Qb8
41. Nf1 a6 42. Rb2 b5 43. axb5 axb5 44. Ra1 Nf8 45. Be3 Rcc7 46. d5 Bc5 47. Rab1
Bxe3 48. Nxe3 Rb7 49. Rb4 Rfd7 50. Qb2 exd5 51. Nxd5 Qe5 52. Rxb5 Rxb5 53. Qxb5 1-0

[Event "World Senior Teams +50"]
[Site "Radebeul GER"]
[Date "2016.06.26"]
[Round "1.7"]
[Board "1"]
[White "Enders, Peter"]
[Black "Weichelt, Jens"]
[Result "1-0"]
[WhiteTitle "GM"]
[WhiteElo "2448"]
[BlackElo "2073"]
[WhiteTeam "Thueringen"]
[BlackTeam "Schachklub Heidenau"]
[WhiteFideId "4611314"]
[BlackFideId "4637771"]
[EventDate "2016.06.26"]

1. b3 Nf6 2. Bb2 g6 3. g3 Bg7 4. Bg2 d5 5. Nf3 O-O 6. O-O c5 7. c4 Nc6 8. cxd5
Nxd5 9. Bxg7 Kxg7 10. d4 cxd4 11. Nxd4 Nxd4 12. Qxd4+ Nf6 13. Qe3 Ng4 14. Qc3+
f6 15. Na3 e5 16. Rac1 Qe7 17. Nb5 Bf5 18. Qc7 Rf7 19. Bd5 Rc8 20. Qxe7 Rxe7 21.
Rxc8 Bxc8 22. Nxa7 Be6 23. Bxe6 Rxe6 24. a4 e4 25. Rc1 e3 26. f3 Ne5 27. Kg2 Rd6
28. Rc3 Rd2 29. Rxe3 Rb2 30. Kf2 Kf7 31. Nb5 b6 32. Nd6+ Kf8 33. h3 Nc6 34. Nc4
Rb1 35. Nxb6 Nd4 36. Nd5 f5 37. b4 Nc2 38. Rc3 Rb2 39. a5 Nd4 40. Re3 Nc6 41. a6
Ra2 42. b5 Nd4 43. b6 Rxa6 44. b7 Nc6 45. Nb4 1-0

[Event "World Senior Teams +50"]
[Site "Radebeul GER"]
[Date "2016.06.26"]
[Round "1.7"]
[Board "2"]
[White "Fahland, Matthias"]
[Black "Casper, Thomas"]
[Result "1/2-1/2"]
[BlackTitle "IM"]
[WhiteElo "2105"]
[BlackElo "2377"]
[WhiteTeam "Schachklub Heidenau"]
[BlackTeam "Thueringen"]
[WhiteFideId "4698380"]
[BlackFideId "4611403"]
[EventDate "2016.06.26"]

1. e4 e6 2. d4 d5 3. Nc3 Bb4 4. e5 Ne7 5. a3 Bxc3+ 6. bxc3 c5 7. Qg4 O-O 8. Bd3
f5 9. Qg3 Qa5 10. Bd2 Qa4 11. dxc5 Nd7 12. Ne2 Nxc5 13. O-O Nc6 14. f4 b6 15.
Rfb1 Ba6 16. Qe3 Rac8 17. Be1 Rfd8 18. Kh1 Bc4 19. h3 Qa6 20. Rd1 Qa4 21. Rdb1 1/2-1/2

[Event "World Senior Teams +50"]
[Site "Radebeul GER"]
[Date "2016.06.26"]
[Round "1.7"]
[Board "3"]
[White "Brueggemann, Joachim"]
[Black "Wurmb, Peter"]
[Result "1/2-1/2"]
[WhiteTitle "IM"]
[WhiteElo "2304"]
[BlackElo "1993"]
[WhiteTeam "Thueringen"]
[BlackTeam "Schachklub Heidenau"]
[WhiteFideId "4611861"]
[BlackFideId "16203305"]
[EventDate "2016.06.26"]

1. e4 c5 2. Nf3 e6 3. d4 cxd4 4. Nxd4 a6 5. Nc3 Qc7 6. Bd3 Nf6 7. Be3 Bb4 8. O-O
O-O 9. Bd2 Be7 10. Kh1 d6 11. f4 Nbd7 12. Qf3 Re8 13. Rae1 Bf8 14. Qh3 e5 15.
Nf5 Nc5 16. fxe5 Rxe5 17. Bg5 Bxf5 18. Rxf5 Rxf5 19. exf5 Ncd7 20. Qh4 d5 21.
Rd1 Re8 22. a4 Qc5 23. h3 Bd6 24. Bxf6 Nxf6 25. Re1 1/2-1/2